FORENSIC MEDICINE & TOXICOLOGY QUIZ BOOK (Record no. 33394)

MARC details
000 -LEADER
fixed length control field 00423nam a22001697a 4500
003 - CONTROL NUMBER IDENTIFIER
control field SGT
020 ## - INTERNATIONAL STANDARD BOOK NUMBER
International Standard Book Number 9788119613816
082 ## - DEWEY DECIMAL CLASSIFICATION NUMBER
Classification number 614.1
Item number F24R
100 ## - MAIN ENTRY--PERSONAL NAME
Personal name REDDY, N. SRINIVASA
245 ## - TITLE STATEMENT
Title FORENSIC MEDICINE & TOXICOLOGY QUIZ BOOK
250 ## - EDITION STATEMENT
Edition statement 1ST
260 ## - PUBLICATION, DISTRIBUTION, ETC. (IMPRINT)
Place of publication, distribution, etc INDIA
Name of publisher, distributor, etc INNOVATIVE PUB
Year of Publication 2024
300 ## - PAGE DESCRIPTION
No. of Pages 139
650 ## - SUBJECT ADDED ENTRY--TOPICAL TERM
Topical term or geographic name as entry element FORENSIC MEDICINE
653 ## - KEYWORDS--INDEX TERM
Keyword term FORENSIC MEDICINE & TOXICOLOGY QUIZ BOOK
942 ## - ADDED ENTRY ELEMENTS (KOHA)
Source of classification or shelving scheme Dewey Decimal Classification
Koha item type Books
Holdings
Withdrawn status Lost status Source of classification or shelving scheme Damaged status Not for loan Collection code Home library Current library Shelving location Date acquired Vendor Name Cost, normal purchase price SGTU Bill Number Full call number Accession No. (Barcode) Date last seen Bill Date Koha item type Total Checkouts
    Dewey Decimal Classification   Not For Loan MEDICAL SGT Medical Library SGT Medical Library Text Book 29/11/2025 ABC DELHI 495.00 SGTU 22053 614.1 F24R FM15776 20/01/2026 29/11/2025 Books  
    Dewey Decimal Classification     MEDICAL SGT Medical Library SGT Medical Library Text Book 29/11/2025 ABC DELHI 495.00 SGTU 22053 614.1 F24R FM15777 20/01/2026 29/11/2025 Books  
    Dewey Decimal Classification     MEDICAL SGT Medical Library SGT Medical Library Text Book 29/11/2025 ABC DELHI 495.00 SGTU 22053 614.1 F24R FM15778 20/01/2026 29/11/2025 Books  
    Dewey Decimal Classification     MEDICAL SGT Medical Library SGT Medical Library Text Book 29/11/2025 ABC DELHI 495.00 SGTU 22053 614.1 F24R FM15779 20/01/2026 29/11/2025 Books  
    Dewey Decimal Classification     MEDICAL SGT Medical Library SGT Medical Library Text Book 29/11/2025 ABC DELHI 495.00 SGTU 22053 614.1 F24R FM15780 20/01/2026 29/11/2025 Books